| 000 | 00661nam a22001937a 4500 | ||
|---|---|---|---|
| 999 |
_c167152 _d167152 |
||
| 005 | 20220216103157.0 | ||
| 010 | _aENG-126275 | ||
| 020 |
_c150.00 _a978-93-84566-19-7 |
||
| 035 | _aEN-109807 | ||
| 037 | _bDBAD/PUB | ||
| 082 | _a230 | ||
| 100 | _aChatterjee, Bankim Chandra | ||
| 245 |
_aLetters On Hinduism/ _cby Bankim Chandra Chatterjee |
||
| 260 |
_aKolkata _bInstitute Of Social And Cultural Studies _c2019 |
||
| 270 |
_bKolkata _a48/2, Dr. Suresh Sarkar Road Kolkata _e700014 _k033-65339003 _miscskol@gmail.com |
||
| 300 |
_a88p. _c73cm(pbk) |
||
| 700 | _aBanerji,Nath Brajendra [and] Das,Sajani Kanta | ||
| 942 |
_2ddc _cEN _h230 _mCHA |
||